Economía matemática
Uloženo v:
| Hlavní autor: | |
|---|---|
| Médium: | Kniha |
| Jazyk: | španělština |
| Vydáno: |
Madrid
Aguilar
1967
|
| Vydání: | 2a. ed |
| Edice: | Biblioteca de Ciencias Sociales. Economía
|
| Témata: | |
| Tagy: |
Přidat tag
Žádné tagy, Buďte první, kdo vytvoří štítek k tomuto záznamu!
|
MARC
| LEADER | 00000nam a2200000 a 4500 | ||
|---|---|---|---|
| 001 | UCW1168 | ||
| 003 | CL-VaPUC | ||
| 008 | 911108e19670000SP |||||||||||||||||spa|d | ||
| 082 | 0 | 4 | |a 510.243 |b ALL |2 21 |
| 100 | 0 | |a Allen, Roy George Douglas |e author |9 305075 | |
| 245 | 1 | 0 | |a Economía matemática |
| 250 | |a 2a. ed | ||
| 300 | |a 931 p | ||
| 942 | |c BK | ||
| 945 | |d 19911108 00:00:00 |a mfernand | ||
| 260 | |a Madrid |b Aguilar |c 1967 | ||
| 650 | 0 | |a Economía matemática |9 270388 | |
| 583 | |a last modification |c 19911108 00:00:00 |k Rodrigo Vera | ||
| 490 | 0 | |a Biblioteca de Ciencias Sociales. Economía | |
| 999 | |c 216096 |d 216094 | ||
| 952 | |0 0 |1 0 |4 0 |6 510_243000000000000_ALL_1967 |7 0 |8 A |9 201558 |a BIBGIM |b BIBGIM |d 2019-11-14 |i 2969548 |o 510.243 ALL 1967 |p 2969548 |r 2025-01-15 |w 2019-11-14 |y BK |k COM | ||
| 952 | |0 0 |1 0 |4 0 |6 510_243000000000000_ALL_1967 |7 0 |8 A |9 201559 |a BIBING |b BIBING |d 2019-11-14 |i 1647296 |o 510.243 ALL 1967 |p 1647296 |r 2025-01-20 |w 2019-11-14 |y BK |k EII | ||
| 952 | |0 0 |1 0 |4 0 |6 510_243000000000000_ALL_1967 |7 0 |8 A |9 201560 |a BIBENE |b BIBENE |d 2019-11-14 |i 3275396 |o 510.243 ALL 1967 |p 3275396 |r 2025-01-15 |w 2019-11-14 |y BK |k ICO | ||